| 000 | 00491nam a22001817a 4500 | ||
|---|---|---|---|
| 005 | 20170908092301.0 | ||
| 008 | 170908b xxu||||| |||| 00| 0 eng d | ||
| 020 | _a9780808025764 | ||
| 040 | _cPK-LaUMT | ||
| 082 |
_a657.024658 _bFIN-F |
||
| 100 | _aFinkler, Steven A. | ||
| 245 |
_aFinance & accounting for nonfinancial managers / _cSteven A. Finkler |
||
| 250 | _a4th ed. | ||
| 260 |
_aChincago : _bCCH, _c2011 |
||
| 300 |
_a334 p. _eCD |
||
| 650 | _aFinancial accounting | ||
| 942 | _cBK | ||
| 999 |
_c97963 _d97963 |
||